ბათუმის შოთა რუსთაველის სახელმწიფო უნივერსიტეტის ბიბლიოთეკა

Город-храм Колхиды : (ბიბ.ჩანაწერი № 60908)

000 -LEADER
fixed length control field 00885nam a22001697a 4500
005 - DATE AND TIME OF LATEST TRANSACTION
control field 20231115165855.0
008 - FIXED-LENGTH DATA ELEMENTS--GENERAL INFORMATION
fixed length control field 231115s1978 ru ||||| |||| 00| 0 rus d
041 ## - LANGUAGE CODE
Language code of text/sound track or separate title rus
080 ## - UNIVERSAL DECIMAL CLASSIFICATION NUMBER
Universal Decimal Classification number 903.43(479.22) Л-78
100 ## - MAIN ENTRY--PERSONAL NAME
Personal name Лордкипанидзе, О. Д.
9 (RLIN) 20410
245 ## - TITLE STATEMENT
Title Город-храм Колхиды :
Remainder of title История археологических раскопок в Вани /
Statement of responsibility, etc. О. Лордкипанидзе; АН СССР, Ин-т востоковедения.
264 ## - PRODUCTION, PUBLICATION, DISTRIBUTION, MANUFACTURE, AND COPYRIGHT NOTICE
Place of production, publication, distribution, manufacture Москва :
Name of producer, publisher, distributor, manufacturer Наука,
Date of production, publication, distribution, manufacture, or copyright notice 1978.
300 ## - PHYSICAL DESCRIPTION
Extent 79 с. :
Other physical details ил. ;
Dimensions 20 см.
440 ## - SERIES STATEMENT/ADDED ENTRY--TITLE
Title По следам исчезнувщих культур Востока
9 (RLIN) 20411
653 ## - INDEX TERM--UNCONTROLLED
keyword კოლხეთის ტაძრის ქალაქი: ვანის არქეოლოგიური გათხრების ისტორია
942 ## - ADDED ENTRY ELEMENTS (KOHA)
Source of classification or shelving scheme
Koha item type წიგნი
ეგზემპლარები
Withdrawn status Lost status Source of classification or shelving scheme Damaged status Not for loan Permanent Location Current Location Shelving location Date acquired Cost, normal purchase price Full call number Barcode Date last seen Copy number Uniform Resource Identifier Price effective from Koha item type Public note
          ბათუმის შოთა რუსთაველის სახელმწიფო უნივერსიტეტის მთავარი ბიბლიოთეკა ბათუმის შოთა რუსთაველის სახელმწიფო უნივერსიტეტის მთავარი ბიბლიოთეკა წიგნსაცავი 2023-11-15 6.00 903.43(479.22) Л-78 65425 2023-11-15 65425 ბსუ-ს საპატიო დოქტორის გურამ ლორთქიფანიძის საჩუქარი 2023-11-15 წიგნი 6 ლ.